Logos by Face II Quiz Stats

 Plays Quiz not verified by Sporcle

Support Sporcle.
Go Orange.
Score 0/16 Timer 02:00
0 Plays Today
% Correct
LG
91.7%
Crocs
91.2%
Reddit
87.7%
Little Caesars
87.6%
Cincinnati Reds
85.1%
Deadpool
84.4%
Olay
83.7%
English Premier League
82.7%
% Correct
PBS
81.3%
Punisher
81.1%
Baltimore Orioles
80.1%
Tampa Bay Buccaneers
77.9%
Bic
77%
Classic Mac OS
74.1%
Nirvana
73.3%
Blink-182
69.3%

You're not logged in!

Compare scores with friends on all Sporcle quizzes.
OR
Log In

From the Vault

Miscellaneous Trios IV

by jvwald

The best things in the world come in threes.
Remove Ads.
Support Sporcle.
Get the best of Sporcle when you Go Orange. This ad-free experience offers more features, more stats, and more fun while also helping to support Sporcle. Thank you for becoming a member.

Show Comments

Extras

Top Quizzes Today


Score Distribution

Your Account Isn't Verified!

In order to create a playlist on Sporcle, you need to verify the email address you used during registration. Go to your Sporcle Settings to finish the process.

Report this User

Report this user for behavior that violates our Community Guidelines.

Details: